Draw All German State Borders - Statistics

General Stats
  • This quiz has been taken 1,233 times
  • The average score is 25 of 29
Answers on the Map
Answers color-coded by a green-red scale on the quiz's map according to % correct below.
 
Answer Stats
Answer % Correct
Berlin - Brandenburg
94%
Baden-Wurttemberg - Bavaria
93%
Bavaria - Saxony
93%
Saxony - Brandenburg
93%
Bavaria - Hesse
89%
Bavaria - Thuringia
89%
Saxony - Saxony-Anhalt
88%
Mecklenburg-Vorpommern - Brandenburg
87%
Saxony - Thuringia
87%
Baden-Wurttemberg - Rhineland-Palatinate
86%
Bremen - Lower Saxony
86%
Baden-Wurttemberg - Hesse
85%
Hesse - Thuringia
85%
Rhineland-Palatinate - Saarland
85%
Saxony-Anhalt - Brandenburg
85%
Saxony-Anhalt - Lower Saxony
85%
Hamburg - Lower Saxony
84%
Hesse - Lower Saxony
84%
Lower Saxony - Brandenburg
84%
Lower Saxony - Thuringia
84%
Rhineland-Palatinate - Hesse
84%
Hamburg - Schleswig-Holstein
83%
Thuringia - Saxony-Anhalt
83%
Lower Saxony - Schleswig-Holstein
82%
Mecklenburg-Vorpommern - Lower Saxony
82%
Schleswig-Holstein - Mecklenburg-Vorpommern
82%
Hesse - North Rhine-Westphalia
81%
North Rhine-Westphalia - Lower Saxony
81%
Rhineland-Palatinate - North Rhine-Westphalia
81%
No matching quizzes found
Score Distribution
Percent of People with Each Score
Percentile by Number Answered
Your Score History
You have not taken this quiz